[Event "Madrid-ch sf-A"]
[Site "Madrid"]
[Date "2016.03.28"]
[Round "7"]
[White "Camarero Izquierdo, Juan Carlos"]
[Black "Yague Sanchez, Sergio Roberto"]
[Result "1-0"]
[WhiteElo "1844"]
[BlackElo "1893"]
[PlyCount "65"]
[EventDate "2016.03.07"]
[EventType "swiss"]
[EventRounds "9"]
[EventCountry "ESP"]
[SourceTitle "EXT 2017"]
[Source "ChessBase"]
[SourceDate "2016.10.25"]
[SourceVersion "1"]
[SourceVersionDate "2016.10.25"]
[SourceQuality "1"]

1. d4 d5 2. Nc3 Bf5 3. f3 Nf6 4. Bg5 c6 5. Bxf6 exf6 6. e4 dxe4 7. fxe4 Bg6 8. Qd3 Qa5 9. 0-0-0 Nd7 10. h4 h6 11. Kb1 0-0-0 12. Nge2 Bb4 13. a3 Bd6 14. Nc1 Rhe8 15. Nb3 Qc7 16. Be2 Kb8 17. Rhf1 a6 18. Bg4 Nb6 19. Bf5 c5 20. dxc5 Bxc5 21. Qf3 Bd6 22. Nd5 Nxd5 23. exd5 Be5 24. Qd3 Bxf5 25. Qxf5 g6 26. Qd3 h5 27. c4 Bf4 28. c5 Be5 29. d6 Qc6 30. Rf2 Rd7 31. Rc2 Rdd8 32. Na5 Qc8 33. d7 1-0

[Event "Madrid-ch sf-A"]
[Site "Madrid"]
[Date "2016.03.15"]
[Round "5"]
[White "Valencia de Loma, Sergio"]
[Black "Yague Sanchez, Sergio Roberto"]
[Result "0-1"]
[WhiteElo "1689"]
[BlackElo "1893"]
[PlyCount "64"]
[EventDate "2016.03.07"]
[EventType "swiss"]
[EventRounds "9"]
[EventCountry "ESP"]
[SourceTitle "EXT 2017"]
[Source "ChessBase"]
[SourceDate "2016.10.25"]
[SourceVersion "1"]
[SourceVersionDate "2016.10.25"]
[SourceQuality "1"]

1. Nf3 d5 2. g3 Nf6 3. Bg2 e6 4. 0-0 Be7 5. d3 0-0 6. Nbd2 c5 7. Re1 Bd7 8. e4 dxe4 9. dxe4 Bc6 10. e5 Nd5 11. c3 Qc7 12. Nf1 Rd8 13. Qc2 Nd7 14. h4 c4 15. N1h2 Nc5 16. Ng5 Nd3 17. Re2 h6 18. Ngf3 Bc5 19. h5 Ne7 20. Ng4 Nf5 21. Kf1 Qb6 22. Bf4 Bd5 23. Ne1 Qc6 24. Bh3 Bf3 25. Nxf3 Qxf3 26. Kg1 Nxf4 27. gxf4 Qxh3 28. Nh2 Rd3 29. Kh1 Nh4 30. Rg1 Nf3 31. Rg2 Nxh2 32. Rxh2 Qf1# 0-1

[Event "Madrid-ch sf-A"]
[Site "Madrid"]
[Date "2012.04.25"]
[Round "9"]
[White "Lopez de Turiso, Jose Angel"]
[Black "Yague Sanchez, Sergio Roberto"]
[Result "1/2-1/2"]
[WhiteElo "2038"]
[BlackElo "1844"]
[PlyCount "48"]
[EventDate "2012.04.10"]
[EventType "swiss"]
[EventRounds "9"]
[EventCountry "ESP"]
[SourceTitle "CBM 148 Extra"]
[Source "ChessBase"]
[SourceDate "2012.06.22"]
[SourceVersion "1"]
[SourceVersionDate "2012.06.22"]
[SourceQuality "1"]

1. e4 c6 2. c4 d5 3. cxd5 cxd5 4. exd5 Nf6 5. Bb5+ Bd7 6. Bc4 b5 7. Bb3 a5 8. a3 Bg4 9. f3 Bf5 10. Qe2 Qb6 11. Nc3 Nbd7 12. Qxb5 Qxb5 13. Nxb5 Rb8 14. Nd4 Nc5 15. Bc4 Bd3 16. b3 a4 17. Bxd3 Nxd3+ 18. Ke2 Nf4+ 19. Kd1 axb3 20. Nh3 N6xd5 21. Rb1 Nxg2 22. Rxb3 Rxb3 23. Nxb3 e5 24. Bb2 f6 1/2-1/2

[Event "Madrid-ch sf-A"]
[Site "Madrid"]
[Date "2012.04.23"]
[Round "7"]
[White "Yague Sanchez, Sergio Roberto"]
[Black "Fernandez Garcia, Ignacio"]
[Result "1-0"]
[WhiteElo "1844"]
[BlackElo "1909"]
[PlyCount "95"]
[EventDate "2012.04.10"]
[EventType "swiss"]
[EventRounds "9"]
[EventCountry "ESP"]
[SourceTitle "CBM 148 Extra"]
[Source "ChessBase"]
[SourceDate "2012.06.22"]
[SourceVersion "1"]
[SourceVersionDate "2012.06.22"]
[SourceQuality "1"]

1. d4 d6 2. c4 Nf6 3. Nc3 g6 4. e4 Bg7 5. f4 Nc6 6. Nf3 0-0 7. Be2 Bg4 8. 0-0 Nd7 9. Be3 e5 10. fxe5 Bxf3 11. Rxf3 dxe5 12. d5 Nd4 13. Rf2 f5 14. Bd3 Nc5 15. exf5 Nxd3 16. Qxd3 Nxf5 17. Bc5 Re8 18. Ne4 Nd6 19. Raf1 Nf5 20. g4 Nd6 21. Bxd6 cxd6 22. Rf7 Qb6+ 23. Kh1 Rf8 24. Qf3 Qd8 25. g5 Rc8 26. b3 Rc7 27. Rxf8+ Bxf8 28. Qh3 Rg7 29. Qe6+ Kh8 30. Rf7 Be7 31. h4 Rxf7 32. Qxf7 Qf8 33. Qxf8+ Bxf8 34. Kg2 Be7 35. Kf3 Kg7 36. b4 b6 37. Nc3 Kf7 38. b5 h6 39. Kg4 h5+ 40. Kf3 Ke8 41. a4 Kd7 42. Na2 Kc7 43. Nb4 Kb7 44. Ke4 Bd8 45. Nc6 Kc7 46. Nxa7 Bxg5 47. hxg5 h4 48. Nc6 1-0

[Event "Madrid-ch sf-A"]
[Site "Madrid"]
[Date "2012.04.18"]
[Round "6"]
[White "Sterling Carmona, Francisco"]
[Black "Yague Sanchez, Sergio Roberto"]
[Result "0-1"]
[WhiteElo "2072"]
[BlackElo "1844"]
[PlyCount "96"]
[EventDate "2012.04.10"]
[EventType "swiss"]
[EventRounds "9"]
[EventCountry "ESP"]
[SourceTitle "CBM 148 Extra"]
[Source "ChessBase"]
[SourceDate "2012.06.22"]
[SourceVersion "1"]
[SourceVersionDate "2012.06.22"]
[SourceQuality "1"]

1. d4 d5 2. c4 e6 3. Nc3 Nf6 4. cxd5 exd5 5. Qc2 c6 6. Bg5 Be7 7. e3 h6 8. Bh4 0-0 9. Bd3 Re8 10. Nge2 Nbd7 11. 0-0 Ne4 12. Bxe7 Qxe7 13. Rae1 Ndf6 14. Nd1 Qd6 15. f3 Ng5 16. Nf2 Rxe3 17. h4 Ngh7 18. Qd2 Re7 19. g4 Bd7 20. Kg2 Rae8 21. Rh1 Nf8 22. Reg1 Ng6 23. Kf1 Re3 24. g5 Nh5 25. gxh6 Nhf4 26. Nxf4 Qxf4 27. Bxg6 fxg6 28. Rxg6 Bf5 29. Rxg7+ Kh8 30. Rhg1 Qxf3 31. R1g3 Bd3+ 32. Kg1 Re1+ 33. Kh2 Rh1+ 34. Nxh1 Re2+ 35. Qxe2 Qxe2+ 36. Rg2 Qe3 37. Rg8+ Kh7 38. R2g7+ Kxh6 39. Rg4 Bh7 40. R8g5 Be4 41. Rg8 Qe2+ 42. Kg3 Qf3+ 43. Kh2 Qxh1+ 44. Kg3 Qf3+ 45. Kh2 Qf2+ 46. Kh3 Kh7 47. R4g7+ Kh6 48. Rxb7 Bf5+ 0-1

[Event "Madrid-ch sf-A"]
[Site "Madrid"]
[Date "2012.04.16"]
[Round "4"]
[White "Martos de la Vega, Alvaro"]
[Black "Yague Sanchez, Sergio Roberto"]
[Result "1/2-1/2"]
[WhiteElo "1945"]
[BlackElo "1844"]
[PlyCount "165"]
[EventDate "2012.04.10"]
[EventType "swiss"]
[EventRounds "9"]
[EventCountry "ESP"]
[SourceTitle "CBM 148 Extra"]
[Source "ChessBase"]
[SourceDate "2012.06.22"]
[SourceVersion "1"]
[SourceVersionDate "2012.06.22"]
[SourceQuality "1"]

1. d4 d5 2. c4 e6 3. Nc3 Nf6 4. cxd5 exd5 5. Bg5 Be7 6. Qc2 c6 7. e3 Nbd7 8. Bd3 h6 9. Bh4 0-0 10. Nge2 Re8 11. 0-0 Ne4 12. Bxe7 Qxe7 13. Rac1 Ndf6 14. f3 Nxc3 15. Nxc3 Qd6 16. Qf2 Be6 17. h3 Rad8 18. Rcd1 Nh5 19. Ne2 f5 20. g4 fxg4 21. hxg4 Nf6 22. Nf4 Bxg4 23. Ng6 Bh5 24. Ne5 Nd7 25. Nxd7 Qxd7 26. Qh2 Qf7 27. Rde1 Bg6 28. Bxg6 Qxg6+ 29. Kf2 Rf8 30. Rg1 Qf6 31. Rg3 Rde8 32. Qh3 Qe6 33. Qg2 Re7 34. Rg6 Rf6 35. Rg3 Kh7 36. Re2 Rg6 37. Qh2 Qd6 38. f4 Rxg3 39. Qxg3 Qg6 40. Qh4 Qe4 41. Qg3 Rf7 42. Qf3 g5 43. Qxe4+ dxe4 44. Kg3 Kg6 45. Rc2 Rf5 46. Re2 h5 47. Rh2 Ra5 48. a3 Rb5 49. Re2 Kf5 50. fxg5 Kxg5 51. Rf2 Rb3 52. Re2 a5 53. Kh3 b5 54. Rg2+ Kf5 55. Re2 b4 56. axb4 axb4 57. Kh4 Ke6 58. Kxh5 Kd5 59. Kg4 Kc4 60. Kf4 Kd3 61. Rh2 Kc4 62. Kxe4 Kb5 63. Rc2 Kb6 64. Kf4 Rd3 65. Rh2 b3 66. Ke4 Rd1 67. Re2 Kb5 68. Ke5 Kc4 69. Ke4 Kb5 70. Rg2 Kb6 71. Rg8 Kb7 72. Rg7+ Kb6 73. Rg6 Rd2 74. Ke5 Kb5 75. Rg8 Rxb2 76. Rb8+ Kc4 77. Rb6 Kd3 78. e4 Rb1 79. Rxc6 Re1 80. d5 Rxe4+ 81. Kf6 b2 82. Rb6 Kc2 83. d6 1/2-1/2